Online Catalogue and eLibrary

Selected poems (Record no. 4455)

MARC details
000 -LEADER
fixed length control field 00366nam a2200145Ia 4500
005 - DATE AND TIME OF LATEST TRANSACTION
control field 20241021023218.0
008 - FIXED-LENGTH DATA ELEMENTS--GENERAL INFORMATION
fixed length control field 240331s9999 xx 000 0 und d
082 ## - DDC Classification
Item Number - Author Mark RAN
Class No. 821
100 ## - MAIN ENTRY--PERSONAL NAME
Personal name Ranaweera,E
245 #0 - TITLE STATEMENT
Title Selected poems
260 ## - PUBLICATION, DISTRIBUTION, ETC.
Place of publication, distribution, etc. Colombo
Name of publisher, distributor, etc. Women's Education Centre Publication
Date of publication, distribution, etc. 1987
300 ## - PHYSICAL DESCRIPTION
Extent (e.g. Volumes, Pages etc.) viii, 90 p .,
650 ## - SUBJECT ADDED ENTRY--TOPICAL TERM
Topical term or geographic name entry element English Poems
942 ## - Koha item type (Biblio)
Koha item type Books in Stacks (Lending)
Holdings
Lost status Damaged status Collection code Home library Current library Shelving location Date acquired Full call number Accession Number Item type
    Lending WERC Library WERC Library Social Science Cupboard 03/31/2024 821 RAN 295 Books in Stacks (Lending)

© WERC Library